| 000 | 00629nam a2200217Ia 4500 | ||
|---|---|---|---|
| 008 | 131103s9999 xx 000 0 und d | ||
| 040 | _aLoreto College | ||
| 041 | _aEnglish | ||
| 082 |
_a922/MAR _bLCLIB/11501 |
||
| 100 | _aMaritain, Raissa | ||
| 245 |
_aWe have been friends together and adventures in grace _cRaissa Maritain; translated by Julie Kernan |
||
| 260 |
_aNew York _bDoubleday _c1961 |
||
| 300 |
_a392p. _c 18cm. |
||
| 440 | _aA doubleday image book | ||
| 630 | _aBiography | ||
| 650 | _aMaritain, Raissa | ||
| 651 | _aMemories | ||
| 700 | _aKernan, Julie; tr. | ||
| 850 | _aLCLIB/922/MAR | ||
| 942 | _cBK | ||
| 999 |
_c25325 _d75804 |
||